Impius.

Guardat en:
Dades bibliogràfiques
Autor principal: Toro-Goya, Mauricio (autor)
Format: Llibre
Publicat: Lima, Perú: KWY Ediciones, 2017.
Matèries:
Etiquetes: Afegir etiqueta
Sense etiquetes, Sigues el primer a etiquetar aquest registre!

MARC

LEADER 00000nam a22000007a 4500
003 CL-VaPUC
005 20250321101937.0
008 250128t2017 ||||| |||| 00| 0 eng d
999 |c 446920  |d 446918 
040 |c Pontificia Universidad Católica de Valparaíso 
082 |a 779 TOR 2017 
100 |a Toro-Goya, Mauricio  |e autor  |9 550894 
245 |a Impius. 
260 |a Lima, Perú:  |b KWY Ediciones,  |c 2017. 
300 |a sin numeración:  |b fotografías. 
500 |a c.1. Instituto Arcos.08-01-2025. 
583 |c 20250128  |k Gabriela Rodríguez Cuevas 
650 0 |9 862979  |a Fotografía artística  |x Pecados capitales 
650 0 |9 888505  |a Fotografías en blanco y negro  |x Crítica social 
942 |2 ddc  |c BK  |n 0 
952 |0 0  |1 0  |2 ddc  |4 0  |6 779_000000000000000_TOR_2017  |7 0  |9 600069  |a BIBINC  |b BIBINC  |c GEN  |d 2025-01-28  |e Instituto Arcos  |i 5664926  |o 779 TOR 2017  |p 5664926  |r 2025-01-28  |t 1  |w 2025-01-28  |y BK  |k IFP